Antecedentes de la Misión de Observación de las Naciones Unidas para la Verificación de las Elecciones en Nicaragua. Documentos varios
Guardado en:
| Autor Corporativo: | |
|---|---|
| Formato: | Texto |
| Publicado: |
s.l.:
Naciones Unidas
|
| Etiquetas: |
Agregar Etiqueta
Sin Etiquetas, Sea el primero en etiquetar este registro!
|
MARC
| LEADER | 00000 a a2200000 04500 | ||
|---|---|---|---|
| 001 | 24045 | ||
| 003 | |||
| 040 | |||
| 090 | |a 170600 | ||
| 110 | |a Naciones Unidas. ONUVEN | ||
| 245 | |a Antecedentes de la Misión de Observación de las Naciones Unidas para la Verificación de las Elecciones en Nicaragua. Documentos varios | ||
| 260 | |a s.l.: |b Naciones Unidas | ||
| 300 | |a pag. varia | ||
| 999 | |c 1080 |d 1080 | ||
